A framework for identifying and measuring value added by corporate real estate (Record no. 76759)

MARC details
000 -LEADER
fixed length control field 01180cab a2200193 4500
001 - CONTROL NUMBER
control field ##L133035
008 - FIXED-LENGTH DATA ELEMENTS--GENERAL INFORMATION
fixed length control field 060405n2006 000 0 eng u
035 ## - SYSTEM CONTROL NUMBER
System control number (Sirsi) u133035
041 0# - LANGUAGE CODE
Language code of text/sound track or separate title eng
100 1# - MAIN ENTRY--PERSONAL NAME
Personal name Lindholm, Anna-Liisa
245 02 - TITLE STATEMENT
Title A framework for identifying and measuring value added by corporate real estate
260 ## - PUBLICATION, DISTRIBUTION, ETC.
Date of publication, distribution, etc. 2006
490 #0 - SERIES STATEMENT
Series statement Journal of Corporate Real Estate
Volume/sequential designation 8(1) 2006, 38-46(9)
520 ## - SUMMARY, ETC.
Summary, etc. Models how real estate strategies can add value to the core business, providing corporate real estate managers with a tool to illustrate to corporate officers how real estate adds value to their firms. Finds that many firms do not recognise how real estate adds value to their business and that their corporate real estate strategies are often not developed in coordination with their overall business strategies. Provides a performance measurement system to evaluate how seven real estate strategies add value to the core business. Figures, table, references and further reading.
590 ## - LOCAL NOTE (RLIN)
Local note IKA110406
690 ## - LOCAL SUBJECT ADDED ENTRY--TOPICAL TERM (OCLC, RLIN)
Topical term or geographic name as entry element PROPERTY-COMMERCIAL PROPERTY-CORPORATE REAL ESTATE-CORPORATE REAL ESTATE MANAGEMENT
700 1# - ADDED ENTRY--PERSONAL NAME
Personal name Levainen, Kari I.
942 ## - ADDED ENTRY ELEMENTS (KOHA)
Suppress in OPAC 0
Holdings
Withdrawn status Lost status Source of classification or shelving scheme Damaged status Not for loan Home library Current library Shelving location Date acquired Total Checkouts Full call number Barcode Date last seen Copy number Price effective from Koha item type
    Dewey Decimal Classification     London London Journal article 05/04/2006   L133035 133035-1001 06/08/2019 1 06/08/2019 Journal article